00941cam a22002414a 4500999001700000001000700017005001700024008004100041010001700082020001500099042000800114050002300122245008300145246002700228260004600255300007500301650005700376650005200433650005500485700002000540942001500560952012400575 c25505d2550520331420170131124754.0990426s1999 inua 000 0 eng  a 99063015  a0735700265 apcc00aQA76.3 .M3268 199900aMCSD.pSolution architectures :btraining guide /cRandy Cornish ... [et al.].30aSolution architectures a[Indianapolis, IN] :bNew Riders,cc1999. axxiii, 776 p. :bill. ;c25 cm. +e1 computer optical disc (4 3/4 in.) 0aElectronic data processing personnelxCertification. 0aMicrosoft softwarexExaminationsvStudy guides. 0aComputer architecturexExaminationsvStudy guides.1 aCornish, Randy. 2lcccBOOKS 00102lcc4070aMUCbMUCcTECHd2017-01-31eDonation(BFA)l0oQA76.3 .M3268 1999p33113r2018-07-23w2017-01-31yBOOKS